| 000 | 00649nam a22002297a 4500 | ||
|---|---|---|---|
| 003 | OSt | ||
| 005 | 20241223104933.0 | ||
| 008 | 201117s2019 ||||| |||| 00| 0 eng d | ||
| 020 | _a97888131270462 | ||
| 040 |
_aENG _ceng |
||
| 041 | _aENG | ||
| 080 |
_a616-036.2 _bC-38 |
||
| 100 |
_956 _aCelentano, D. David |
||
| 245 |
_aGordis Epidemiology _c/ by David D.Celentano, ScD, MHS; Moyses Szklo, MD,MPH,DrPH |
||
| 250 | _a7th Edition | ||
| 260 |
_aPhiladelphia : _bELSEVIER, _c2025. |
||
| 300 |
_a432p. _bill. |
||
| 650 | 0 |
_957 _aEPIDEMIOLOGY |
|
| 653 | _aეპიდემიოლოგია | ||
| 700 |
_958 _aSzklo, Moyses |
||
| 942 |
_2udc _cBK |
||
| 999 |
_c2263 _d2263 |
||